| 000 | 00375nam a2200121Ia 4500 | ||
|---|---|---|---|
| 008 | 160523s9999 xx 000 0 und d | ||
| 100 | _aBonaventure, Olivier. | ||
| 245 | _aComputer Networking: Principles, Protocols and Practice | ||
| 245 | _cOlivier Bonaventure. | ||
| 260 | _c2012 | ||
| 650 | _xInformation Technology. | ||
| 856 | _uhttp://cnp3book.info.ucl.ac.be/2nd/html/ | ||
| 999 |
_c294745 _d294745 |
||